Monographie de Notre-Dame de Brou, (Record no. 15087)

MARC details
000 -LEADER
fixed length control field 00721cam a22002171 4500
001 - CONTROL NUMBER
control field ca 17001461
003 - CONTROL NUMBER IDENTIFIER
control field DLC
005 - DATE AND TIME OF LATEST TRANSACTION
control field 20260227111103.0
008 - FIXED-LENGTH DATA ELEMENTS--GENERAL INFORMATION
fixed length control field 810325q18501859fr ef 000 0 fre
010 ## - LIBRARY OF CONGRESS CONTROL NUMBER
LC control number ca 17001461
035 ## - SYSTEM CONTROL NUMBER
System control number (OCoLC)7260361
040 ## - CATALOGING SOURCE
Original cataloging agency DLC
Transcribing agency IaAS
Modifying agency DLC
042 ## - AUTHENTICATION CODE
Authentication code premarc
050 00 - LIBRARY OF CONGRESS CALL NUMBER
Classification number NA5551.B8
Item number D8
100 1# - MAIN ENTRY--PERSONAL NAME
Personal name Dupasquier, Louis.
245 10 - TITLE STATEMENT
Title Monographie de Notre-Dame de Brou,
Statement of responsibility, etc. par Louis Dupasquier.
260 ## - PUBLICATION, DISTRIBUTION, ETC.
Place of publication, distribution, etc. Paris,
Name of publisher, distributor, etc. V. Didron; [etc., etc.,
Date of publication, distribution, etc. 185-?]
300 ## - PHYSICAL DESCRIPTION
Extent 3 p. l., 30 (i.e. 31) pl. (part col., part double, incl. plans)
Dimensions 42 cm.
500 ## - GENERAL NOTE
General note Imperfect: "Texte historique et descriptif par [Adolphe Napoléon] Didron," wanting.
610 20 - SUBJECT ADDED ENTRY--CORPORATE NAME
Corporate name or jurisdiction name as entry element Notre-Dame de Brou (Church)

No items available.

Powered by Koha